skbl

Dr Suryya Kumar Bhuyan Library Web-OPAC
ডঃ সূৰ্য্য
কুমাৰ ভূঞা পুথিভঁৰাল ৱেব-অ'পেক

All Research Scholars are advised to clear the annual library fees to continue using Library Resources, Remote Access, Plagiarism Test and Library Clearance.

Cotton University Book Fair 2026

Mamalian Endocronology (Record no. 57954)

MARC details
000 -LEADER
fixed length control field 00492nam a2200181Ia 4500
001 - CONTROL NUMBER
control field 58055
008 - FIXED-LENGTH DATA ELEMENTS--GENERAL INFORMATION
fixed length control field 141121n ii |||gr||||Z||||||465
020 ## - INTERNATIONAL STANDARD BOOK NUMBER
International Standard Book Number 978 81 7381 652 9
082 ## - DEWEY DECIMAL CLASSIFICATION NUMBER
Classification number 573.4
100 ## - MAIN ENTRY--PERSONAL NAME
Personal name Boral,
Relator term Ashok Kumar.,
245 #0 - TITLE STATEMENT
Title Mamalian Endocronology
Statement of responsibility, etc. Ashok Kumar Boral
Medium Textual Documents
250 ## - EDITION STATEMENT
Edition statement Ist ed-2011.
260 ## - PUBLICATION, DISTRIBUTION, ETC.
Place of publication, distribution, etc. West Bengal
Name of publisher, distributor, etc. New Central Book Agency
300 ## - PHYSICAL DESCRIPTION
Extent 187p:
Dimensions 23cm.
653 ## - INDEX TERM--UNCONTROLLED
Uncontrolled term Mamalian Endocrinology
653 ## - INDEX TERM--UNCONTROLLED
Uncontrolled term PG-Zoo
942 ## - ADDED ENTRY ELEMENTS (KOHA)
Source of classification or shelving scheme Dewey Decimal Classification
Koha item type Books
Holdings
Withdrawn status Lost status Damaged status Not for loan Collection Home library Current library Shelving location Date acquired Coded location qualifier Cost, normal purchase price Total checkouts Full call number Barcode Date last seen Copy number Price effective from Koha item type
          Dr. Suryya Kumar Bhuyan Library Dr. Suryya Kumar Bhuyan Library   21/11/2014 00000 235.00   573.4 Bo644Ma 3098/EL 14/01/2024 1 21/11/2014 Books

Designed and Maintained by Team SKBL
©1901-2026

Powered by Koha